00602nam a2200181Ia 4500008004100000020001800041100001300059245003500072250000600107260003100113300000800144500002400152650001600176942000700192952010800199952009600307999001700403230524s9999 xx 000 0 und d a9788180053979 aBureau's 0aElements of Mathematics Vol-II a1 aBhubaneswarbPustak Bhavan a448 aQuantity Number: 2 aMathematics cBK 00104070aTATCLbTATCLcGENd2023-05-24l1p56191q2024-06-08r2024-01-25s2024-01-25w2023-05-24yBK 00104070aTATCLbTATCLcGENd2023-05-24l1p56192r2025-07-08s2024-01-25w2023-05-24yBK c58859d58859